00458nam a2200157Ia 4500008004100000040001900041041001200060082002400072100001800096245007700114260002900191300002300220650001400243651002500257850001800282131103s9999 xx 000 0 und d aLoreto College aEnglish a372/MONbLCBED/1442 aMontessori, M 4aThe discovery of the childcM Montessori; translated by Mary A Johnstone aAdyarbKalakshetrac1962 avii,507p. c 22cm. aEducation aElementary education aLCBED/372/MON